00220nam a2200073Ia 4500082001800000245006300018100002400081008004100105 aST 32.23 MEDI 0aMedia studies. Volume 1: Media history, media and society  a Fourie, Pieter J 210817s9999 xx 000 0 und d